Angola Immigration by Country - Statistics

General Stats
  • This quiz has been taken 91 times
  • The average score is 14 of 20
Answer Stats
# People Country of Origin % Correct
78,073 DR Congo
99%
1,020 South Africa
96%
1,376 Namibia
92%
5,699 Portugal
92%
1,968 Mozambique
91%
2,059 Congo
86%
28,000 Brazil
83%
390 Zimbabwe
75%
275 Gabon
73%
780 China
71%
410 Nigeria
70%
5,604 Guinea
68%
3,640 São Tomé and Príncipe
68%
7,910 Cape Verde
66%
255 Guinea-Bissau
65%
310 Equatorial Guinea
57%
219 Malawi
55%
504 Rwanda
52%
1,406 Ivory Coast
44%
888 Chad
35%
No matching quizzes found
Score Distribution
Percent of People with Each Score
Percentile by Number Answered
Your Score History
You have not taken this quiz